UBT Library

A sociological reader on complex organizations / (Record no. 43439)

000 -LEADER
fixed length control field 00578cam a2200217 i 4500
001 - CONTROL NUMBER
control field 4646249
005 - DATE AND TIME OF LATEST TRANSACTION
control field 20180226050011.0
008 - FIXED-LENGTH DATA ELEMENTS--GENERAL INFORMATION
fixed length control field 800102s1980 nyua b 000 0 eng
010 ## - LIBRARY OF CONGRESS CONTROL NUMBER
LC control number 79027722
020 ## - INTERNATIONAL STANDARD BOOK NUMBER
International Standard Book Number 0030474612
040 ## - CATALOGING SOURCE
Original cataloging agency DLC
Transcribing agency DLC
Modifying agency DLC
041 ## - LANGUAGE CODE
Language code of text/sound track or separate title eng
080 ## - UNIVERSAL DECIMAL CLASSIFICATION NUMBER
Universal Decimal Classification number 302.35 ETZ
082 00 - DEWEY DECIMAL CLASSIFICATION NUMBER
Classification number 302.35 ETZ
100 1# - Rafti
Rafti 50
101 ## - Shkurtesa
Shkurtesa SOC
245 12 - TITLE STATEMENT
Title A sociological reader on complex organizations /
Statement of responsibility, etc Amitai Etzioni, Edward W. Lehman.
504 ## - BIBLIOGRAPHY, ETC. NOTE
Bibliography, etc Includes bibliographies.
906 ## - LOCAL DATA ELEMENT F, LDF (RLIN)
a 7
b cbc
c orignew
d 1
e ocip
f 19
g y-gencatlg
942 ## - ADDED ENTRY ELEMENTS (KOHA)
Source of classification or shelving scheme
Item type Books
Holdings
Withdrawn status Lost status Source of classification or shelving scheme Damaged status Not for loan Collection code Permanent location Current location Shelving location Date acquired Total Checkouts Full call number Barcode Date last seen Price effective from Koha item type
          Koleksioni i përgjithshem UBT - Lipjan UBT - Lipjan Koleksioni i përgjithshem 02/26/2018   302.35 ETZ 002-2999493 02/26/2018 02/26/2018 Books
UBT Library © 2015-2024. All rights reserved University Education for Business and Technology